[Event "OP-2022-0-05260"]
[Site "LSS email"]
[Date "2022.02.21"]
[Round "?"]
[White "Kudela, Pavel"]
[Black "Koehler, Hans Christian"]
[Result "1-0"]
[WhiteElo "1287"]
[BlackElo "1394"]
[PlyCount "81"]
[EventDate "2022.02.21"]
[EventType "tourn (corr)"]
[EventRounds "4"]
[EventCountry "GER"]
[SourceTitle "Corr 2024"]
[Source "ChessBase"]
[SourceDate "2023.10.19"]
[SourceVersion "1"]
[SourceVersionDate "2023.10.19"]
[SourceQuality "1"]

1. c4 c6 2. Nc3 d5 3. d4 e6 4. Nf3 Nf6 5. Bg5 dxc4 6. e4 b5 7. e5 h6 8. Bh4 g5 9. Nxg5 hxg5 10. Bxg5 Nbd7 11. exf6 Bb7 12. a4 Qb6 13. Be2 0-0-0 14. Qc2 Qxd4 15. Rd1 Qe5 16. h4 Bb4 17. Rh3 Nc5 18. Rxd8+ Rxd8 19. Kf1 Bxc3 20. bxc3 Nb3 21. f4 Qd6 22. f5 e5 23. h5 Qd5 24. axb5 cxb5 25. Bf3 Qc5 26. Bxb7+ Kxb7 27. Be3 Qd5 28. h6 e4 29. Qf2 Qd1+ 30. Qe1 Qg4 31. h7 Rh8 32. Qf2 Qd1+ 33. Qe1 Qg4 34. Kg1 Qxf5 35. Qg3 Rxh7 36. Rxh7 Qxh7 37. Qe5 Kc6 38. Qe8+ Kd6 39. Bf4+ Kc5 40. Qc8+ Kd5 41. Qd7+ 1-0

[Event "LSS No Engine Cup 216 Preliminary 0"]
[Site "LSS email"]
[Date "2021.04.11"]
[Round "?"]
[White "Kudela, Pavel"]
[Black "Lonyuk, Bohdan"]
[Result "0-1"]
[WhiteElo "1677"]
[BlackElo "1756"]
[PlyCount "62"]
[EventDate "2021.04.11"]
[EventType "tourn (corr)"]
[EventRounds "6"]
[EventCountry "GER"]
[SourceTitle "Corr 2024"]
[Source "ChessBase"]
[SourceDate "2023.10.19"]
[SourceVersion "1"]
[SourceVersionDate "2023.10.19"]
[SourceQuality "1"]

1. c4 g6 2. Nc3 c5 3. g3 Bg7 4. Bg2 Nc6 5. e3 d6 6. Nge2 Bf5 7. d4 cxd4 8. exd4 Qd7 9. Be3 Bh3 10. 0-0 Bxg2 11. Kxg2 Rc8 12. Rc1 e6 13. d5 Ne5 14. Bd4 Rxc4 15. f4 Ne7 16. fxe5 Nf5 17. dxe6 fxe6 18. Bxa7 b6 19. Qd3 Rb4 20. Ne4 Bxe5 21. Bb8 Qb7 22. N2c3 Rxb2+ 23. Kg1 Qxb8 24. Nd1 Rb4 25. Ng5 Ke7 26. Nf2 b5 27. a3 Ra4 28. Rb1 Rc4 29. Qxc4 bxc4 30. Rxb8 Rxb8 31. Re1 Rb2 0-1

[Event "LSS No Engine Cup 216 Preliminary 0"]
[Site "LSS email"]
[Date "2021.04.11"]
[Round "?"]
[White "Kudela, Pavel"]
[Black "Vlasov, Aleksandr"]
[Result "1-0"]
[WhiteElo "1677"]
[BlackElo "1455"]
[PlyCount "81"]
[EventDate "2021.04.11"]
[EventType "tourn (corr)"]
[EventRounds "6"]
[EventCountry "GER"]
[SourceTitle "Corr 2024"]
[Source "ChessBase"]
[SourceDate "2023.10.19"]
[SourceVersion "1"]
[SourceVersionDate "2023.10.19"]
[SourceQuality "1"]

1. c4 c5 2. Nc3 d6 3. g3 Nc6 4. Bg2 Nf6 5. e3 g6 6. Nge2 Bg7 7. 0-0 0-0 8. a3 Be6 9. d3 Qd7 10. Nf4 Rfc8 11. Nxe6 Qxe6 12. Re1 h5 13. d4 Qd7 14. Rb1 b6 15. b4 Rab8 16. Ne2 cxb4 17. axb4 d5 18. cxd5 Nxd5 19. b5 Na5 20. Qd3 e6 21. e4 Ne7 22. e5 Nd5 23. Nf4 Rc3 24. Qd1 Nxf4 25. Bxf4 Rbc8 26. d5 R3c5 27. d6 Kh7 28. g4 hxg4 29. Qxg4 Rxb5 30. Rxb5 Qxb5 31. Qh4+ Kg8 32. Qe7 Qb4 33. Rd1 Bf8 34. d7 Bxe7 35. dxc8Q+ Kg7 36. Bd2 Qb3 37. Bh6+ Kxh6 38. Qh8+ Kg5 39. Rd4 Qb1+ 40. Bf1 Kf5 41. f4 1-0

[Event "LSS No Engine Cup 216 Preliminary 0"]
[Site "LSS email"]
[Date "2021.04.11"]
[Round "?"]
[White "Vio, Mauro"]
[Black "Kudela, Pavel"]
[Result "1-0"]
[WhiteElo "1859"]
[BlackElo "1677"]
[PlyCount "51"]
[EventDate "2021.04.11"]
[EventType "tourn (corr)"]
[EventRounds "6"]
[EventCountry "GER"]
[SourceTitle "Corr 2024"]
[Source "ChessBase"]
[SourceDate "2023.10.19"]
[SourceVersion "1"]
[SourceVersionDate "2023.10.19"]
[SourceQuality "1"]

1. e4 c6 2. d4 d5 3. Nc3 b5 4. e5 e6 5. a3 a6 6. Bd3 c5 7. dxc5 Bxc5 8. Qg4 Bf8 9. Nf3 g6 10. 0-0 Bg7 11. Re1 Ne7 12. h4 0-0 13. h5 Nf5 14. Bg5 Qc7 15. Rad1 Nd7 16. Bxf5 exf5 17. Qh4 Nxe5 18. Rxe5 Be6 19. hxg6 hxg6 20. Bf4 Qc6 21. Ng5 Rfe8 22. Nxd5 Bxd5 23. Rexd5 Re1+ 24. Rxe1 Qxd5 25. Qh7+ Kf8 26. Nf3 1-0

[Event "SE-2021-0-00021"]
[Site "LSS email"]
[Date "2021.03.30"]
[Round "?"]
[White "Kudela, Pavel"]
[Black "Grimm, Wolfgang"]
[Result "0-1"]
[WhiteElo "1373"]
[BlackElo "1343"]
[PlyCount "64"]
[EventDate "2021.01.16"]
[EventType "tourn (corr)"]
[EventRounds "6"]
[EventCountry "GER"]
[SourceTitle "Corr 2024"]
[Source "ChessBase"]
[SourceDate "2023.10.19"]
[SourceVersion "1"]
[SourceVersionDate "2023.10.19"]
[SourceQuality "1"]

1. c4 Nc6 2. Nc3 Nf6 3. d4 d5 4. Nf3 e6 5. Bg5 dxc4 6. e4 h6 7. Bh4 g5 8. Bg3 Bb4 9. e5 Ne4 10. Qc2 Nxg3 11. fxg3 g4 12. Nd2 Qxd4 13. 0-0-0 Bxc3 14. Nxc4 Bxb2+ 15. Qxb2 Qxb2+ 16. Kxb2 Bd7 17. Be2 b5 18. Na3 Nxe5 19. Ka1 a6 20. Rc1 Bc6 21. Rhg1 Ra7 22. Bxg4 Nxg4 23. Rxc6 Nxh2 24. Nc2 Rg8 25. Rh1 Ng4 26. Nd4 Rg5 27. Rh4 h5 28. Nf3 Rd5 29. Kb2 Kd7 30. Rc1 Ke7 31. Rhh1 Nf2 32. Rhf1 Nd3+ 0-1

[Event "SE-2021-0-00021"]
[Site "LSS email"]
[Date "2021.03.26"]
[Round "?"]
[White "Kudela, Pavel"]
[Black "Lonyuk, Bohdan"]
[Result "0-1"]
[WhiteElo "1373"]
[BlackElo "1343"]
[PlyCount "58"]
[EventDate "2021.01.16"]
[EventType "tourn (corr)"]
[EventRounds "6"]
[EventCountry "GER"]
[SourceTitle "Corr 2024"]
[Source "ChessBase"]
[SourceDate "2023.10.19"]
[SourceVersion "1"]
[SourceVersionDate "2023.10.19"]
[SourceQuality "1"]

1. c4 c5 2. Nc3 Nc6 3. g3 g6 4. Bg2 Bg7 5. e3 e5 6. Nge2 Nge7 7. 0-0 d6 8. Re1 0-0 9. a3 Bg4 10. Qc2 a6 11. h3 Be6 12. d3 Qd7 13. Kh2 Rab8 14. Bd2 b5 15. cxb5 axb5 16. Reb1 b4 17. Ne4 Bd5 18. f4 f5 19. Ng5 Bxg2 20. Kxg2 b3 21. Qc4+ d5 22. Qxc5 h6 23. Nf3 Rfc8 24. Qc1 e4 25. dxe4 dxe4 26. Nh2 Nb4 27. Bc3 Nd3 28. Qg1 Nd5 29. Bxg7 Rc2 0-1

[Event "SD-2021-0-00318"]
[Site "LSS email"]
[Date "2021.03.18"]
[Round "?"]
[White "Stringa, Alejandro"]
[Black "Kudela, Pavel"]
[Result "1-0"]
[WhiteElo "1595"]
[BlackElo "1379"]
[PlyCount "45"]
[EventDate "2020.12.23"]
[EventType "tourn (corr)"]
[EventRounds "6"]
[EventCountry "GER"]
[SourceTitle "Corr 2024"]
[Source "ChessBase"]
[SourceDate "2023.10.19"]
[SourceVersion "1"]
[SourceVersionDate "2023.10.19"]
[SourceQuality "1"]

1. d4 c5 2. d5 Nf6 3. c4 b5 4. cxb5 a6 5. bxa6 e6 6. Nc3 exd5 7. Nxd5 Nxa6 8. Bg5 Be7 9. Nxe7 Qxe7 10. Nf3 0-0 11. e3 d5 12. Be2 Qd6 13. 0-0 Bb7 14. Qb3 Bc6 15. Bf4 Qe7 16. Qb6 Qb7 17. Qxb7 Bxb7 18. Rac1 c4 19. Nd4 Nb4 20. Bd6 Nxa2 21. Ra1 Rfc8 22. Ba3 c3 23. Rxa2 1-0

[Event "LSS No Engine Cup 206 Preliminary 0"]
[Site "LSS email"]
[Date "2020.08.24"]
[Round "?"]
[White "Kudela, Pavel"]
[Black "Malmstrom, Jan"]
[Result "1-0"]
[WhiteElo "1651"]
[BlackElo "1562"]
[PlyCount "41"]
[EventDate "2020.08.24"]
[EventType "tourn (corr)"]
[EventRounds "6"]
[EventCountry "GER"]
[SourceTitle "Corr 2022"]
[Source "ChessBase"]
[SourceDate "2021.10.24"]
[SourceVersion "1"]
[SourceVersionDate "2021.10.24"]
[SourceQuality "1"]

1. c4 Nf6 2. Nc3 e5 3. g3 Nc6 4. Bg2 Bb4 5. e3 0-0 6. Nge2 d6 7. 0-0 Be6 8. d3 Qd7 9. Nd5 Nxd5 10. cxd5 Bxd5 11. Bxd5 Ba5 12. a3 Bb6 13. b4 Kh8 14. Bb2 f5 15. d4 e4 16. Nf4 Rae8 17. Qh5 Rf6 18. Bxc6 bxc6 19. d5 Qf7 20. Bxf6 Qxh5 21. Nxh5 1-0

[Event "LSS No Engine Cup 206 Preliminary 0"]
[Site "LSS email"]
[Date "2020.08.24"]
[Round "?"]
[White "Lombardi, Donato"]
[Black "Kudela, Pavel"]
[Result "0-1"]
[WhiteElo "1116"]
[BlackElo "1651"]
[PlyCount "66"]
[EventDate "2020.08.24"]
[EventType "tourn (corr)"]
[EventRounds "6"]
[EventCountry "GER"]
[SourceTitle "Corr 2022"]
[Source "ChessBase"]
[SourceDate "2021.10.24"]
[SourceVersion "1"]
[SourceVersionDate "2021.10.24"]
[SourceQuality "1"]

1. e4 c6 2. d4 d5 3. Nc3 b5 4. exd5 b4 5. Ne4 cxd5 6. Nc5 e6 7. Bb5+ Bd7 8. Qd3 Bxc5 9. dxc5 Qa5 10. Bxd7+ Nxd7 11. Bd2 Qxc5 12. Nf3 Rc8 13. 0-0 Qxc2 14. Qxc2 Rxc2 15. Bxb4 Ne7 16. h3 Rxb2 17. Rfb1 Rxb1+ 18. Rxb1 f6 19. Bd6 Nc8 20. Ba3 Kf7 21. Rb7 Rd8 22. Nd4 Ncb6 23. Rxa7 e5 24. Bb4 exd4 25. Bc5 d3 26. Bxb6 d2 27. Bxd8 d1Q+ 28. Kh2 Ke6 29. a4 Qb3 30. a5 Qb8+ 31. Bc7 Qxa7 32. Bb6 Nxb6 33. axb6 Qxb6 0-1

[Event "SE-2020-0-00010"]
[Site "LSS email"]
[Date "2020.08.08"]
[Round "?"]
[White "Obrien, Glenn"]
[Black "Kudela, Pavel"]
[Result "1-0"]
[WhiteElo "1330"]
[BlackElo "1381"]
[PlyCount "51"]
[EventDate "2020.06.20"]
[EventType "tourn (corr)"]
[EventRounds "6"]
[EventCountry "GER"]
[SourceTitle "Corr 2024"]
[Source "ChessBase"]
[SourceDate "2023.10.19"]
[SourceVersion "1"]
[SourceVersionDate "2023.10.19"]
[SourceQuality "1"]

1. e4 c6 2. d4 d5 3. Nc3 b5 4. a3 a6 5. Nf3 Bg4 6. Be3 e6 7. Bd3 Nd7 8. 0-0 c5 9. exd5 c4 10. Be4 exd5 11. Nxd5 Ra7 12. Re1 Be7 13. Nxe7 Nxe7 14. d5 Nb6 15. d6 Nec8 16. Bf5 0-0 17. Bxg4 f5 18. Ne5 fxg4 19. Nc6 Qd7 20. Nxa7 Qxa7 21. Qxg4 Qd7 22. Qxd7 Nxd7 23. Rad1 Rf6 24. Bd4 Rf8 25. Bc3 h6 26. Re7 1-0

[Event "LSS No Engine Cup 198 Preliminary 0"]
[Site "LSS email"]
[Date "2020.02.02"]
[Round "?"]
[White "Kudela, Pavel"]
[Black "Neumann, Otto"]
[Result "1-0"]
[WhiteElo "1617"]
[BlackElo "1180"]
[PlyCount "31"]
[EventDate "2020.02.02"]
[EventType "tourn (corr)"]
[EventRounds "6"]
[EventCountry "GER"]
[SourceTitle "Corr 2022"]
[Source "ChessBase"]
[SourceDate "2021.10.24"]
[SourceVersion "1"]
[SourceVersionDate "2021.10.24"]
[SourceQuality "1"]

1. d4 Nf6 2. c4 g6 3. Nc3 d5 4. cxd5 Nxd5 5. e4 Nb6 6. Nf3 Bg7 7. a4 0-0 8. a5 N6d7 9. Bc4 e6 10. 0-0 Nc6 11. e5 Nb4 12. Bg5 Qe8 13. Nb5 Na6 14. Qc2 Nb4 15. Qc3 Nc6 16. Nxc7 1-0

[Event "LSS No Engine Cup 198 Preliminary 0"]
[Site "LSS email"]
[Date "2020.02.02"]
[Round "?"]
[White "Nowak, Andrzej"]
[Black "Kudela, Pavel"]
[Result "1/2-1/2"]
[WhiteElo "1806"]
[BlackElo "1617"]
[PlyCount "71"]
[EventDate "2020.02.02"]
[EventType "tourn (corr)"]
[EventRounds "6"]
[EventCountry "GER"]
[SourceTitle "Corr 2022"]
[Source "ChessBase"]
[SourceDate "2021.10.24"]
[SourceVersion "1"]
[SourceVersionDate "2021.10.24"]
[SourceQuality "1"]

1. e4 c6 2. d4 d5 3. e5 c5 4. dxc5 e6 5. Nf3 Bxc5 6. Bd3 Nc6 7. 0-0 Nge7 8. Nbd2 0-0 9. Nb3 Bb6 10. Re1 Ng6 11. Be3 d4 12. Bg5 Qc7 13. Bxg6 fxg6 14. Nbxd4 Nxd4 15. Nxd4 h6 16. Bc1 Bxd4 17. Qxd4 Qxc2 18. Be3 b6 19. Rec1 Qf5 20. Rc7 Ba6 21. Qd7 Rf7 22. Qxf7+ Qxf7 23. Rxf7 Kxf7 24. Rd1 Ke7 25. f4 Rd8 26. Rc1 Rc8 27. Rxc8 Bxc8 28. Kf2 Bb7 29. g4 Bd5 30. b3 Be4 31. Bd2 Kd7 32. Ke3 Bd5 33. Bb4 h5 34. g5 Ke8 35. Kd4 a5 36. Bd6 1/2-1/2

[Event "OP-2020-0-04913"]
[Site "LSS email"]
[Date "2020.01.24"]
[Round "?"]
[White "Kudela, Pavel"]
[Black "Jokmin, Guido"]
[Result "1-0"]
[WhiteElo "1378"]
[BlackElo "696"]
[PlyCount "54"]
[EventDate "2020.01.20"]
[EventType "tourn (corr)"]
[EventRounds "4"]
[EventCountry "GER"]
[SourceTitle "Corr 2022"]
[Source "ChessBase"]
[SourceDate "2021.10.24"]
[SourceVersion "1"]
[SourceVersionDate "2021.10.24"]
[SourceQuality "1"]

1. d4 Nf6 2. c4 g6 3. Nc3 d5 4. cxd5 Nxd5 5. e4 Nxc3 6. bxc3 Bg7 7. Bc4 e6 8. Nf3 a6 9. a4 Nc6 10. Ba3 Na5 11. Bd3 b6 12. 0-0 c6 13. e5 b5 14. Bb4 Qc7 15. axb5 axb5 16. Nd2 Bb7 17. Ne4 Kd8 18. Qf3 Nb3 19. Rxa8+ Bxa8 20. Bc2 c5 21. dxc5 Nd2 22. Rd1 f5 23. Rxd2+ Kc8 24. Nd6+ Kb8 25. Qe2 Bc6 26. Bd3 Bf8 27. Bxb5 Bd5 1-0

[Event "OP-2020-0-04913"]
[Site "LSS email"]
[Date "2020.01.24"]
[Round "?"]
[White "Shim Ng Min, Francis"]
[Black "Kudela, Pavel"]
[Result "0-1"]
[WhiteElo "1077"]
[BlackElo "1378"]
[PlyCount "26"]
[EventDate "2020.01.20"]
[EventType "tourn (corr)"]
[EventRounds "4"]
[EventCountry "GER"]
[SourceTitle "Corr 2022"]
[Source "ChessBase"]
[SourceDate "2021.10.24"]
[SourceVersion "1"]
[SourceVersionDate "2021.10.24"]
[SourceQuality "1"]

1. e4 c6 2. Nc3 d5 3. Nf3 Bg4 4. h3 Bh5 5. exd5 cxd5 6. Bb5+ Nc6 7. g4 Bg6 8. Ne5 Rc8 9. d4 e6 10. h4 f6 11. Nxg6 hxg6 12. Qd3 Kf7 13. Bd2 Nb4 0-1

[Event "OP-2020-0-04913"]
[Site "LSS email"]
[Date "2020.01.24"]
[Round "?"]
[White "Verich, Oleg"]
[Black "Kudela, Pavel"]
[Result "0-1"]
[WhiteElo "1013"]
[BlackElo "1378"]
[PlyCount "86"]
[EventDate "2020.01.20"]
[EventType "tourn (corr)"]
[EventRounds "4"]
[EventCountry "GER"]
[SourceTitle "Corr 2022"]
[Source "ChessBase"]
[SourceDate "2021.10.24"]
[SourceVersion "1"]
[SourceVersionDate "2021.10.24"]
[SourceQuality "1"]

1. d4 d5 2. Nf3 c5 3. Bf4 Nc6 4. c3 e6 5. e3 cxd4 6. exd4 Nf6 7. Bb5 Bd7 8. 0-0 a6 9. Bd3 Qb6 10. b3 Nh5 11. Be3 Bd6 12. Ne5 Nf6 13. Nxd7 Nxd7 14. Qg4 Kf8 15. f4 Nf6 16. Qg5 h6 17. Qh4 Re8 18. Nd2 Be7 19. Qh3 h5 20. f5 exf5 21. Qxf5 Bb4 22. cxb4 Rxe3 23. Kh1 Qxd4 24. b5 Ne7 25. Qf2 Rxd3 26. bxa6 bxa6 27. Qxd4 Rxd4 28. Nf3 Re4 29. Rad1 Re2 30. Rd2 Rxd2 31. Nxd2 Ne4 32. Nf3 Rh6 33. Ne5 Nc6 34. Rxf7+ Kg8 35. Rf5 g6 36. Nxg6 Rxg6 37. Rxd5 Nf2+ 38. Kg1 Nh3+ 39. Kh1 Rxg2 40. Rd1 Rg4 41. Rf1 Nd4 42. a4 Ne2 43. a5 Nf2+ 0-1

[Event "LSS No Engine Cup 197 Preliminary 0"]
[Site "LSS email"]
[Date "2020.01.19"]
[Round "?"]
[White "Kudela, Pavel"]
[Black "Koepcke, Klaus Peter"]
[Result "1/2-1/2"]
[WhiteElo "1617"]
[BlackElo "1575"]
[PlyCount "103"]
[EventDate "2020.01.19"]
[EventType "tourn (corr)"]
[EventRounds "6"]
[EventCountry "GER"]
[SourceTitle "Corr 2022"]
[Source "ChessBase"]
[SourceDate "2021.10.24"]
[SourceVersion "1"]
[SourceVersionDate "2021.10.24"]
[SourceQuality "1"]

1. d4 d5 2. c4 e6 3. Nf3 Nf6 4. Nc3 Nbd7 5. Bg5 Be7 6. e3 0-0 7. Bd3 b6 8. 0-0 Bb7 9. Rc1 c5 10. cxd5 Nxd5 11. Bxe7 Qxe7 12. Qc2 h6 13. Nxd5 Bxd5 14. e4 Bb7 15. Rfe1 Rac8 16. d5 exd5 17. exd5 Qd6 18. Rcd1 Bxd5 19. Bc4 Nf6 20. Qb3 Bxc4 21. Qxc4 Qc7 22. Ne5 Rcd8 23. f4 Qb7 24. a4 Rd5 25. Ng4 Rfd8 26. Nxf6+ gxf6 27. Rxd5 Qxd5 28. Qxd5 Rxd5 29. a5 b5 30. Re7 a6 31. Ra7 Rd6 32. f5 Kf8 33. g4 c4 34. Kf2 Rd2+ 35. Ke3 Rxb2 36. Rxa6 Rxh2 37. Rb6 Rb2 38. a6 Ra2 39. Kd4 Kg7 40. Kc5 c3 41. Rc6 Rb2 42. Kb6 c2 43. a7 Ra2 44. Rxc2 Rxc2 45. a8Q b4 46. Qd5 b3 47. Qxb3 Rg2 48. Qf3 Rc2 49. Kb5 Rc1 50. Kb4 Rc2 51. Qd1 Rc8 52. Qd7 1/2-1/2

[Event "LSS No Engine Cup 197 Preliminary 0"]
[Site "LSS email"]
[Date "2020.01.19"]
[Round "?"]
[White "Van Esbroeck, Jeff"]
[Black "Kudela, Pavel"]
[Result "0-1"]
[WhiteElo "1107"]
[BlackElo "1617"]
[PlyCount "54"]
[EventDate "2020.01.19"]
[EventType "tourn (corr)"]
[EventRounds "6"]
[EventCountry "GER"]
[SourceTitle "Corr 2022"]
[Source "ChessBase"]
[SourceDate "2021.10.24"]
[SourceVersion "1"]
[SourceVersionDate "2021.10.24"]
[SourceQuality "1"]

1. e4 c6 2. d4 d5 3. e5 c5 4. c3 Nc6 5. Bb5 e6 6. Nf3 Bd7 7. 0-0 cxd4 8. Bxc6 bxc6 9. cxd4 Ne7 10. Nbd2 Ng6 11. Nb3 Be7 12. a3 0-0 13. Nc5 Bxc5 14. dxc5 f6 15. exf6 Qxf6 16. Rb1 a5 17. Bg5 Qf7 18. b4 e5 19. Qe1 e4 20. Nd4 Ne5 21. Be3 Qg6 22. Qc1 axb4 23. axb4 Ra2 24. Rb2 Bh3 25. g3 Qh5 26. Qd1 Qxd1 27. Rxd1 Rxb2 0-1

[Event "SE-2020-0-00308"]
[Site "LSS email"]
[Date "2020.01.12"]
[Round "?"]
[White "Grimm, Wolfgang"]
[Black "Kudela, Pavel"]
[Result "1/2-1/2"]
[WhiteElo "1498"]
[BlackElo "1398"]
[PlyCount "60"]
[EventDate "2019.10.19"]
[EventType "tourn (corr)"]
[EventRounds "6"]
[EventCountry "GER"]
[SourceTitle "Corr 2022"]
[Source "ChessBase"]
[SourceDate "2021.10.24"]
[SourceVersion "1"]
[SourceVersionDate "2021.10.24"]
[SourceQuality "1"]

1. Nf3 d5 2. e3 c5 3. Nc3 Nf6 4. d4 e6 5. Be2 Nc6 6. Ne5 cxd4 7. exd4 Nxe5 8. dxe5 Nd7 9. f4 Bc5 10. Na4 Qa5+ 11. c3 Be7 12. b4 Qc7 13. 0-0 0-0 14. Be3 f6 15. Bg4 Nb6 16. Nxb6 axb6 17. Bd4 fxe5 18. fxe5 Bd7 19. Qd3 Rxf1+ 20. Rxf1 Rf8 21. Rxf8+ Bxf8 22. Qh3 Qc6 23. a4 Bxb4 24. cxb4 Qc1+ 25. Kf2 Qd2+ 26. Kf3 Qxd4 27. Bxe6+ Kh8 28. Bxd7 Qd3+ 29. Kf2 Qd2+ 30. Kf3 Qd3+ 1/2-1/2

[Event "SE-2020-0-00308"]
[Site "LSS email"]
[Date "2020.01.12"]
[Round "?"]
[White "Kudela, Pavel"]
[Black "Shim Ng Min, Francis"]
[Result "0-1"]
[WhiteElo "1398"]
[BlackElo "1228"]
[PlyCount "72"]
[EventDate "2019.10.19"]
[EventType "tourn (corr)"]
[EventRounds "6"]
[EventCountry "GER"]
[SourceTitle "Corr 2022"]
[Source "ChessBase"]
[SourceDate "2021.10.24"]
[SourceVersion "1"]
[SourceVersionDate "2021.10.24"]
[SourceQuality "1"]

1. d4 d5 2. c4 e6 3. Nf3 Nf6 4. Nc3 Be7 5. e3 0-0 6. Bd3 dxc4 7. Bxc4 c5 8. 0-0 Nc6 9. a3 a6 10. d5 exd5 11. Nxd5 Nxd5 12. Bxd5 Qd6 13. Qb3 Na5 14. Qa2 Bg4 15. Rd1 Qc7 16. b4 cxb4 17. axb4 Bxb4 18. Rd4 Bxf3 19. Rxb4 Bxd5 20. Qxd5 Qc3 21. Bb2 Qxb4 22. Bxg7 Rfd8 23. Qg5 Qd6 24. Bf6+ Kf8 25. Bxd8 Rxd8 26. Qxa5 Qd1+ 27. Qe1 Qxe1+ 28. Rxe1 b5 29. f4 b4 30. Kf2 a5 31. Ke2 a4 32. Rd1 Rxd1 33. Kxd1 f5 34. Kd2 h5 35. Kc2 Ke7 36. Kd3 Ke6 0-1

[Event "SE-2020-0-00308"]
[Site "LSS email"]
[Date "2020.01.12"]
[Round "?"]
[White "Lonyuk, Bohdan"]
[Black "Kudela, Pavel"]
[Result "0-1"]
[WhiteElo "1301"]
[BlackElo "1398"]
[PlyCount "98"]
[EventDate "2019.10.19"]
[EventType "tourn (corr)"]
[EventRounds "6"]
[EventCountry "GER"]
[SourceTitle "Corr 2022"]
[Source "ChessBase"]
[SourceDate "2021.10.24"]
[SourceVersion "1"]
[SourceVersionDate "2021.10.24"]
[SourceQuality "1"]

1. e4 c6 2. d4 d5 3. Nd2 g6 4. h3 Bg7 5. Ngf3 Nh6 6. Bd3 0-0 7. 0-0 Nd7 8. Re1 e6 9. c3 Re8 10. e5 c5 11. Nf1 c4 12. Bc2 b5 13. a3 f6 14. exf6 Nxf6 15. g4 Nf7 16. Bf4 Nd7 17. Qd2 e5 18. dxe5 Ndxe5 19. Nd4 Qh4 20. Kg2 Bb7 21. Bg3 Qf6 22. Nh2 Ng5 23. f4 Ne4 24. fxe5 Nxd2 25. exf6 Bxf6 26. Nxb5 d4+ 27. Kf2 dxc3 28. bxc3 Rf8 29. Ke3 Bg5+ 30. Ke2 Rae8+ 31. Kd1 Rd8 32. Nd4 Nf3 33. Rf1 Nxh2 34. Rxf8+ Rxf8 35. Ke2 Re8+ 36. Kd1 Nf1 37. Bf2 Ne3+ 38. Bxe3 Rxe3 39. Rb1 Bg2 40. Rb8+ Kg7 41. Bf5 Rxc3 42. Ne6+ Kf6 43. Nxg5 Kxg5 44. Be6 Bxh3 45. Kd2 Rd3+ 46. Kc2 Bxg4 47. Bxc4 Rxa3 48. Rb7 h5 49. Kb2 Ra5 0-1

[Event "RE-2020-0-00214"]
[Site "LSS email"]
[Date "2020.01.02"]
[Round "?"]
[White "Kudela, Pavel"]
[Black "Shim Ng Min, Francis"]
[Result "1-0"]
[WhiteElo "1398"]
[BlackElo "1278"]
[PlyCount "111"]
[EventDate "2019.09.25"]
[EventType "tourn (corr)"]
[EventRounds "6"]
[EventCountry "GER"]
[SourceTitle "Corr 2022"]
[Source "ChessBase"]
[SourceDate "2021.10.24"]
[SourceVersion "1"]
[SourceVersionDate "2021.10.24"]
[SourceQuality "1"]

1. d4 d5 2. c4 e6 3. Nf3 Nf6 4. Nc3 Be7 5. e3 0-0 6. cxd5 exd5 7. Bd3 c5 8. b3 Nc6 9. 0-0 Bg4 10. Be2 cxd4 11. Nxd4 Nxd4 12. Bxg4 Nxg4 13. Qxd4 Bf6 14. Qxg4 Bxc3 15. Ba3 Bxa1 16. Bxf8 Qxf8 17. Rxa1 g6 18. Qd7 b6 19. Qxd5 Rd8 20. Qe5 Rd2 21. Kf1 Qd8 22. Qc3 Rd3 23. Qc1 Rd2 24. Ke1 Rd5 25. Qc2 Rc5 26. Rd1 Qc7 27. Qb2 Rc2 28. Rd8+ Qxd8 29. Qxc2 Qf6 30. f4 Qa1+ 31. Kf2 h5 32. Kf3 Qf1+ 33. Qf2 Qd1+ 34. Qe2 Qd7 35. h3 a5 36. g4 hxg4+ 37. hxg4 b5 38. Qc2 b4 39. e4 Qd4 40. g5 Qd7 41. Kg3 Qd4 42. Qe2 Qg1+ 43. Qg2 Qe1+ 44. Kf3 Qc3+ 45. Kg4 Qd3 46. e5 Qf5+ 47. Kg3 Qd3+ 48. Qf3 Qb1 49. Qe3 Qxa2 50. e6 Kf8 51. Qc5+ Kg7 52. e7 Qxb3+ 53. Kf2 Qb2+ 54. Kf3 Qb3+ 55. Qe3 Qd5+ 56. Kg3 1-0

[Event "LSS No Engine Cup 168 Preliminary 0"]
[Site "LSS email"]
[Date "2017.04.03"]
[Round "?"]
[White "Kudela, Pavel"]
[Black "Goti, Javier"]
[Result "1-0"]
[WhiteElo "1642"]
[BlackElo "1095"]
[PlyCount "71"]
[EventDate "2017.04.04"]
[EventType "tourn (corr)"]
[EventRounds "6"]
[EventCountry "GER"]
[SourceTitle "Corr 2022"]
[Source "ChessBase"]
[SourceDate "2021.10.24"]
[SourceVersion "1"]
[SourceVersionDate "2021.10.24"]
[SourceQuality "1"]

1. d4 f5 2. c4 e6 3. g3 Nf6 4. Bg2 c6 5. Nf3 d5 6. 0-0 Be7 7. b3 0-0 8. Bb2 Nbd7 9. Nbd2 b6 10. Rc1 Rb8 11. cxd5 cxd5 12. e3 Ne4 13. Nxe4 fxe4 14. Nd2 Ba6 15. Re1 Bb4 16. Bh3 Qf6 17. Re2 Bxe2 18. Qxe2 Rbc8 19. Rxc8 Rxc8 20. Nb1 Nf8 21. a3 Bd6 22. Nc3 a6 23. Qxa6 Re8 24. Qxb6 Be7 25. a4 Ng6 26. Qxe6+ Qxe6 27. Bxe6+ Kh8 28. Bxd5 Bb4 29. Nxe4 Rd8 30. Bc4 Ne7 31. Ng5 Rb8 32. Nf7+ Kg8 33. Ne5+ Kh8 34. d5 Nf5 35. Nc6 Rc8 36. Nxb4 1-0

[Event "LSS No Engine Cup 168 Preliminary 0"]
[Site "LSS email"]
[Date "2017.04.03"]
[Round "?"]
[White "Kudela, Pavel"]
[Black "Laureles, Raymundo"]
[Result "1-0"]
[WhiteElo "1642"]
[BlackElo "1361"]
[PlyCount "79"]
[EventDate "2017.04.04"]
[EventType "tourn (corr)"]
[EventRounds "6"]
[EventCountry "GER"]
[SourceTitle "Corr 2022"]
[Source "ChessBase"]
[SourceDate "2021.10.24"]
[SourceVersion "1"]
[SourceVersionDate "2021.10.24"]
[SourceQuality "1"]

1. d4 Nf6 2. c4 c5 3. d5 b5 4. cxb5 a6 5. b6 g6 6. Nf3 Qxb6 7. Nc3 Bg7 8. e4 d6 9. Be2 0-0 10. 0-0 Nbd7 11. Qc2 Bb7 12. Be3 Qc7 13. a3 Rfb8 14. Bc4 Ng4 15. Bf4 Nge5 16. Be2 Nxf3+ 17. Bxf3 Ne5 18. Bxe5 Bxe5 19. Rac1 Bc8 20. Rb1 e6 21. Rfd1 Bd7 22. Bg4 Qd8 23. Ne2 Qa5 24. dxe6 fxe6 25. f4 Bg7 26. Rxd6 Qc7 27. Rbd1 Rxb2 28. Qc1 Bb5 29. Bxe6+ Kh8 30. Nc3 Qa5 31. e5 Qxa3 32. Rd8+ Rxd8 33. Rxd8+ Bf8 34. Rxf8+ Kg7 35. Rg8+ Kh6 36. f5+ Kh5 37. g4+ Kxg4 38. fxg6+ Kh5 39. Qd1+ Kh6 40. gxh7 1-0